Educación como praxis política /
Guardat en:
| Autor principal: | |
|---|---|
| Format: | Text |
| Idioma: | Spanish |
| Publicat: |
San José, Costa Rica
EditorialPEC
1982
San José, Costa Rica Editorial Nueva Década 1982 |
| Edició: | 1.era edición |
| Matèries: | |
| Etiquetes: |
Afegir etiqueta
Sense etiquetes, Sigues el primer a etiquetar aquest registre!
|
MARC
| LEADER | 00000 a a2200000 04500 | ||
|---|---|---|---|
| 001 | 30646 | ||
| 003 | cru CIDCACS/IIS | ||
| 005 | 20200925161347.0 | ||
| 008 | 170505b1984 mx ||||| |||| 00| 0|spa d | ||
| 040 | |c CRAI/IIS |a CRAI/IIS | ||
| 090 | |a 06.03.04 G984e |b | ||
| 100 | 1 | h | |a Gutiérrez Pérez, Francisco |9 4563 |
| 245 | 1 | 0 | |a Educación como praxis política / |c por Francisco Gutiérrez |
| 250 | |a 1.era edición | ||
| 260 | |a San José, Costa Rica |b EditorialPEC |c 1982 | ||
| 260 | |a San José, Costa Rica |b Editorial Nueva Década |c 1982 | ||
| 300 | |a 118 páginas | ||
| 500 | |a Colección Alforja | ||
| 650 | 1 | 7 | |a EDUCACION |
| 650 | 1 | 7 | |a IDEOLOGIAS POLITICAS |
| 650 | 1 | 7 | |a PRACTICA PEDAGOGICA |
| 650 | 1 | 7 | |a FINES DE LA EDUCACION |
| 650 | 1 | 7 | |a CALIDAD DE LA EDUCACION |
| 650 | 1 | 7 | |a DOCENTES |
| 942 | |2 ddc |c LI | ||
| 999 | |c 19278 |d 19278 | ||
